Score 0/24 Timer 03:00
0 Plays Today
Show Missing Word % Correct
____ Eating It WrongYou're
81.8%
____ Chef AmericaIron
78.9%
____ EatsGood
74%
____ the RocksOn
72.2%
____, Line & DinnerHook
65.9%
____ Bobby FlayBeat
64.7%
____ My Mama's MealsNot
62.2%
____ Cooks in AmericaWorst
50.1%
____ 911Food
49.5%
____: ImpossibleRestaurant
47.9%
____ Food ShowdownUltimate
36.5%
____ Best BitesAmerica's
32.7%
Show Missing Word % Correct
____ Food Made SimpleKorean
28.1%
____ for the FreshQuest
27.3%
____ Fire FoodMan
25.3%
____ KitchenCutthroat
24.5%
____ ChineseEasy
24%
____ Food FlipJunk
23%
____ KingSandwich
16%
____ OvensDouble
13.9%
____ Daisy!Viva
10.6%
____ TripTaco
10.2%
____ on & Eat with Eden GrinshpanLog
7.4%
____ Outside the BoxPizza
5.9%

Today's Daily Dose

Missing Word
Marvin Gaye Songs

Quick Pick
Movies of 2019

Get the Picture
Chinese Cities

You're not logged in!

Compare scores with friends on all Sporcle quizzes.
OR
Log In

Sporcle TV

Today on Sporcle TV


Watch our educational content, quiz creation guides, and fun videos on Sporcle TV.

Show Comments

Extras

Top Quizzes Today


Score Distribution

Your Account Isn't Verified!

In order to create a playlist on Sporcle, you need to verify the email address you used during registration. Go to your Sporcle Settings to finish the process.

Report this User

Report this user for behavior that violates our Community Guidelines.

Details: